000 00572 a2200181 4500
999 _c3386
_d3386
020 _a9780470721094
050 _aHD 69.S8 MAN 2011
100 _aFord, David
245 _aManaging business relationships /
_c
264 _aHoboken :
_bWiley,
_c2011
300 _axiii,238p. :
_bill.
500 _aIncudes index
650 _aBusiness networks
700 _aGadde, Lars-Erik
_eauthor
700 _a
_eauthor
700 _aSnehota, Ivan
_eauthor
942 _2lcc
_cBK
_e3rd ed.
_h69.S8
_iMAN
_k2011